000 00292nam a22001337a 4500
008 170419b xxu||||| |||| 00| 0 eng d
020 _a9780805376135
041 _aeng
080 _28 ED
_a579
100 _a11
101 _aSHM
245 _aMICROBIOLOGY
_cTORTORA.G.J
942 _2udc
_cBK
999 _c11134
_d11134